[Event "Kathmandu op"]
[Site "Kathmandu"]
[Date "2018.04.13"]
[Round "1"]
[White "Kakshapati, Prayash Shrestha"]
[Black "Sengupta, Deep"]
[Result "0-1"]
[WhiteElo "1601"]
[BlackElo "2579"]
[PlyCount "82"]
[EventDate "2018.04.13"]
[EventType "swiss"]
[EventRounds "9"]
[EventCountry "NEP"]
[SourceTitle "CBM 183 Extra"]
[Source "ChessBase"]
[SourceDate "2018.04.19"]
[SourceVersion "1"]
[SourceVersionDate "2018.04.19"]
[SourceQuality "1"]

1. d4 Nf6 2. Bf4 g6 3. c4 Bg7 4. Nc3 0-0 5. e4 d6 6. Be2 Nc6 7. Nf3 Bg4 8. h3 Bxf3 9. Bxf3 Nxd4 10. Qxd4 e5 11. Bxe5 dxe5 12. Qe3 c6 13. 0-0 Qe7 14. a3 Nd7 15. b4 a5 16. b5 Nc5 17. bxc6 bxc6 18. Rab1 h5 19. Rb6 Rac8 20. Rfb1 Rfd8 21. Be2 Bf8 22. Qg3 Kh7 23. a4 Bh6 24. R6b2 Rd6 25. Qf3 Rf6 26. Qg3 Rd8 27. Rf1 Rd4 28. f3 Bd2 29. Rc2 Rfd6 30. Nb1 Bb4 31. Ra2 Qf6 32. h4 Ne6 33. Rc2 Rd7 34. Kh1 Nf4 35. Qg5 Qe6 36. c5 f6 37. Qg3 Qb3 38. Rfc1 Nxe2 39. Rxe2 Rd1+ 40. Re1 Bxe1 41. Rxd1 Rxd1 0-1